00855 2200253 4500001002100000005001500021035002000036007000300056008004100059020002200100082001000122084001600132100003500148245015600183250001900339260003900358300005000397650001600447700002500463700002400488700002400512700002900536856003600565INLIS00000000113656320220117121903 a0010-0122001626ta220117 g 0 ind  a978-979-25-4914-0 a610.7 a610.7 NIK p0 aNikmatur Rohmah & Saiful Walid1 aProses Keperawatan Teori Dan Aplikasi :bDilengkapi Dengan NOC-NIC Dan Aplikasi Pada Berbagai Kasus /cNikmatur Rohmah, S.Kep & Saiful Walid, S.Kep.,Ns aCetakan Ketiga aYogyakarta :bAr-Ruzz Media,c2016 a284 halaman :bilustrasi ;c15.5 x 24 cme... 4aKeperawatan0 aEditor: Meita Sandra0 aProofreader: NurHid0 aDesain Cover: TriAT0 aDesain Isi: Leelo Legowo aPerpustakaan Umum Kota Makassar